<?xml version="1.0" encoding="UTF-8"?>
<record
    xmlns:xsi="http://www.w3.org/2001/XMLSchema-instance"
    xsi:schemaLocation="http://www.loc.gov/MARC21/slim http://www.loc.gov/standards/marcxml/schema/MARC21slim.xsd"
    xmlns="http://www.loc.gov/MARC21/slim">

  <leader>00635nam a22001577a 4500</leader>
  <datafield tag="010" ind1=" " ind2=" ">
    <subfield code="a">HIN-126078</subfield>
  </datafield>
  <datafield tag="020" ind1=" " ind2=" ">
    <subfield code="c">495.00</subfield>
    <subfield code="a">9789382658207</subfield>
  </datafield>
  <datafield tag="035" ind1=" " ind2=" ">
    <subfield code="a">HN-98424</subfield>
  </datafield>
  <datafield tag="082" ind1=" " ind2=" ">
    <subfield code="a">&#x909;</subfield>
  </datafield>
  <datafield tag="100" ind1=" " ind2=" ">
    <subfield code="a">&#x91A;&#x91F;&#x94D;&#x91F;&#x94B;&#x92A;&#x93E;&#x927;&#x94D;&#x92F;&#x93E;&#x92F;,&#x936;&#x930;&#x924;&#x91A;&#x928;&#x94D;&#x926;&#x94D;&#x930;</subfield>
    <subfield code="9">58368</subfield>
  </datafield>
  <datafield tag="245" ind1=" " ind2=" ">
    <subfield code="a">&#x917;&#x943;&#x939;&#x926;&#x93E;&#x939;/</subfield>
    <subfield code="c">&#x936;&#x930;&#x924;&#x91A;&#x928;&#x94D;&#x926;&#x94D;&#x930; &#x91A;&#x91F;&#x94D;&#x91F;&#x94B;&#x92A;&#x93E;&#x927;&#x94D;&#x92F;&#x93E;&#x92F;</subfield>
  </datafield>
  <datafield tag="260" ind1=" " ind2=" ">
    <subfield code="a">&#x926;&#x93F;&#x932;&#x94D;&#x932;&#x940;</subfield>
    <subfield code="b">&#x926;&#x93F;&#x935;&#x94D;&#x92F;&#x92E; &#x92A;&#x94D;&#x930;&#x915;&#x93E;&#x936;&#x928;</subfield>
    <subfield code="c">2022</subfield>
  </datafield>
  <datafield tag="270" ind1=" " ind2=" ">
    <subfield code="a">1093,&#x921;&#x949;. &#x92E;&#x941;&#x916;&#x93C;&#x930;&#x94D;&#x91C;&#x940; &#x928;&#x917;&#x930;,</subfield>
    <subfield code="b">&#x926;&#x93F;&#x932;&#x94D;&#x932;&#x940;</subfield>
    <subfield code="e">110009</subfield>
  </datafield>
  <datafield tag="300" ind1=" " ind2=" ">
    <subfield code="a">256p.</subfield>
    <subfield code="c">23cm(&#x938;&#x91C;&#x93F;&#x932;&#x94D;&#x926;)</subfield>
  </datafield>
  <datafield tag="942" ind1=" " ind2=" ">
    <subfield code="2">ddc</subfield>
    <subfield code="h">&#x909;</subfield>
    <subfield code="m">&#x91A;&#x91F;&#x94D;&#x91F;&#x94B;&#x92A;</subfield>
    <subfield code="c">HN</subfield>
  </datafield>
  <datafield tag="999" ind1=" " ind2=" ">
    <subfield code="c">198563</subfield>
    <subfield code="d">198563</subfield>
  </datafield>
  <datafield tag="952" ind1=" " ind2=" ">
    <subfield code="0">0</subfield>
    <subfield code="1">0</subfield>
    <subfield code="4">0</subfield>
    <subfield code="7">0</subfield>
    <subfield code="8">FIC</subfield>
    <subfield code="a">M</subfield>
    <subfield code="b">M</subfield>
    <subfield code="d">2023-09-26</subfield>
    <subfield code="e">DBAD/PUB</subfield>
    <subfield code="g">495.00</subfield>
    <subfield code="l">0</subfield>
    <subfield code="o">&#x909; &#x91A;&#x91F;&#x94D;&#x91F;&#x94B;&#x92A;</subfield>
    <subfield code="p">HN-98424</subfield>
    <subfield code="r">2023-09-26 00:00:00</subfield>
    <subfield code="t">1</subfield>
    <subfield code="v">495.00</subfield>
    <subfield code="w">2023-09-26</subfield>
    <subfield code="y">HN</subfield>
  </datafield>
</record>
